Voces de Malvinas : posguerra, memorias y soberanías en Bahía Blanca /
Guardado en:
| Autor Principal: | |
|---|---|
| Otros Autores: | |
| Formato: | Libro |
| Idioma: | Undetermined |
| Publicado: |
Bahía Blanca :
En cruce,
2023.
|
| Edición: | 1a ed. |
| Series: | Cuadernos de Historias del Sur Bonaerense ;
7 |
| Materias: | |
| Acceso en línea: | Clic aquí para acceder al texto en formato digital. |
| Etiquetas: |
Agregar Etiqueta
Sin Etiquetas, Sea el primero en etiquetar este registro!
|
| LEADER | 02024nam a22002535a 4500 | ||
|---|---|---|---|
| 001 | CEM.cems020976 | ||
| 008 | 240405s2023####ag############000#0#und#d | ||
| 005 | 20240412080643.0 | ||
| 245 | 1 | 0 | |a Voces de Malvinas : |b posguerra, memorias y soberanías en Bahía Blanca / |c Sandra Rosetti y Rocío Parga. |
| 250 | |a 1a ed. | ||
| 260 | |a Bahía Blanca : |b En cruce, |c 2023. | ||
| 300 | |a 176 p. | ||
| 490 | 1 | |a Cuadernos de Historias del Sur Bonaerense ; |v 7 | |
| 500 | |a Incluye propuestas de actividades para el aula. | ||
| 505 | 0 | |a Pensar la posguerra -- La foto -- ¿Juremos con gloria morir? -- Las cartas y las Madrinas de Guerra -- Entre lo público y lo privado: la carta, una apuesta al porvenir -- Tomar la palabra -- La formación del Centro de Veteranos de Guerra de Bahía Blanca -- Soldados movilizados al sur: disputas por el reconocimiento -- Comisión de Reafirmación Histórica: Construcción de una memoria patriótica -- ¿El cañón es ornamental? -- Lxs Hijxs: el futuro de la memoria -- Los Veteidishes: memorias en claroscuro -- Las memorias del mar -- Ese barco varado tiene una historia -- Plaza Cabo Principal Maquinista Enrique Omar Pereyra -- Malvinas y la literatura -- Las Malvinas y el fútbol: de la reivindicación a la conmemoración -- Soberanías en acción -- La Fundación No me olvides: un trabajo de reparación -- Para lxs docentes -- Para lxs estudiantes -- Núcleo problemático: ¿El menos común de los sentidos? La elaboración de un "sentido común'' -- Núcleo problemático: "No juguemos con Gloria a morir". Deconstruir al héroe | |
| 020 | |a 9789878896403 | ||
| 100 | 1 | |a Rosetti, Sandra. | |
| 700 | 1 | |a Parga, Rocío. | |
| 653 | |a Bahía Blanca-Historia | ||
| 653 | |a Guerra de Malvinas | ||
| 653 | |a Islas Malvinas | ||
| 856 | |u https://repositoriodigital.uns.edu.ar/handle/123456789/6460 |y Clic aquí para acceder al texto en formato digital. | ||
| 859 | |a CEMS |b BIB. CEMS - 11 de abril |h 327.82 |i R728 |p 29926.24 |t Ej.1 | ||
| 859 | |a CEMS |b BIB. CEMS - Agricultura |h 327.82 |i R728 |p A3668.24 |t Ej.2 | ||
